| 000 | 00533nam a2200181Ia 4500 | ||
|---|---|---|---|
| 005 | 20260429112059.0 | ||
| 008 | 260429s9999||||xx |||||||||||||| ||und|| | ||
| 020 | _a9788126935079 | ||
| 041 | _aEnglish | ||
| 082 |
_a809 _bSHY |
||
| 100 | _aShyamala, C. G. | ||
| 245 | 0 |
_aLiterary criticism : _ba comprehensive and simplified explication / _cC. G. Shyamala |
|
| 250 | _a1st ed. | ||
| 260 |
_aNew Delhi : _bAtlantic Publishers and Distributors, _c2026. |
||
| 300 | _ax, 378 p.; pbk | ||
| 650 | _aLiterary criticism | ||
| 942 | _cTB | ||
| 999 |
_c52249 _d52249 |
||